000 00335nam a2200133Ia 4500
008 151001s9999||||xx |||||||||||||| ||und||
100 _aवसंत देशमुख
245 _aभोवरा
250 _a1
260 _bमेनका प्रकाशन पुणे
260 _c1968
300 _a205
365 _b7
999 _c954437
_d954434